000 00863nam a2200217 4500
001 77779
003 BD-RjUL
005 20211209083024.0
008 210110s1918 ii ||||| |||| 00| 0 ben d
035 _a(BD-RjUL)78005
040 _aBD-RjUL
_beng
_cBD-RjUL
041 _aben
082 _223
_a891.4409
_bTAD 1918
100 _aঠাকুর, রবীন্দ্রনাথ
_9243480
245 1 0 _aধর্ম /
_cরবীন্দ্রনাথ ঠাকুর
260 _aকলিকাতা :
_bবিশ্বভারতী গ্রন্থালয়,
_c১৯১৮
300 _a১৬৩ প.;
_c১৯ সেমি.
650 _aবাংলা সাহিত্য
_xইতিহাস ও সমালোচনা
_9243481
650 _aBengali Literature
_xHistory and Criticism
_9243482
942 _2ddc
_cBK
999 _c77779
_d77779